Geography Quiz

Random Geography or State Quiz

Microstate Profiles Quiz Stats

Quiz Updated Mar 28, 2012

Challenge
Share
Tweet
Embed
Score 0/55 Timer 10:00
2 Plays Today
Hint Answer % Correct
Vatican CityItaly
99.3%
San MarinoItaly
99.3%
Vatican CityItaly, 1929
99.3%
Vatican CityItalian
97.8%
San MarinoItalian
97.8%
MonacoFrance
92.5%
MonacoFrance, 1861
92.5%
NauruPacific Ocean
91.4%
TuvaluPacific Ocean
91.4%
MonacoEuro
91.4%
Vatican CityEuro
91.4%
San MarinoEuro
91.4%
Marshall IslandsPacific Ocean
91.3%
MonacoFrench
90.5%
Vatican CityLatin
88.8%
LiechtensteinGerman
88.3%
TuvaluEnglish
87.3%
Marshall IslandsEnglish
87.3%
St. Kitts and NevisEnglish
87.3%
MonacoRoman Catholic
86.3%
LiechtensteinSwiss franc
84.6%
LiechtensteinSwitzerland
79.5%
NauruUN trustees, 1968
77.6%
LiechtensteinAustria
76.4%
MonacoMediterranean
73.7%
Marshall IslandsUS dollar
71.6%
St. Kitts and NevisUK, 1983
69.9%
TuvaluUK, 1973
69.9%
Hint Answer % Correct
NauruAustralian dollar
69.8%
TuvaluAustralian dollar
69.8%
St. Kitts and NevisEast Caribbean dollar
68%
TuvaluTuvaluan dollar
67.9%
St. Kitts and NevisCaribbean Sea
63.2%
Marshall IslandsUSA, 1986
52%
LiechtensteinVaduz
46.2%
MonacoMonégasque
39.5%
Vatican CityPope Francis
39.5%
LiechtensteinHoly Roman Empire, 1806
34.5%
TuvaluTuvaluan
32.2%
TuvaluTuvaluan
32.2%
NauruNauruan
31.5%
NauruNauruan
31.5%
TuvaluElizabeth II
22%
San MarinoRoman Empire, 301
20.5%
Marshall IslandsMarshallese
18.2%
Marshall IslandsMarshallese
18.2%
LiechtensteinLiechtensteiner
18%
TuvaluFunafuti
16.6%
St. Kitts and NevisBasseterre
16.4%
NauruYaren
16%
Marshall IslandsMajuro
13.4%
St. Kitts and NevisKittitian, Nevisian
12.6%
San MarinoSammarinese
7%
LiechtensteinSchaan
6.5%
San MarinoDogana
3.7%

You're not logged in!

Compare scores with friends on all Sporcle quizzes.
Join for Free
OR
Log In

You Might Also Like...

Show Comments

Extras

Top Quizzes Today


Score Distribution

Your Account Isn't Verified!

In order to create a playlist on Sporcle, you need to verify the email address you used during registration. Go to your Sporcle Settings to finish the process.

Report this User

Report this user for behavior that violates our Community Guidelines.

Details: